000 00534nam a2200181 4500
008 b xx# ara u
040 _aLB-BrCRDP
082 _a492.7/D232m
100 1 _a. ضيف، شوقي
130 1 _lAR
245 1 0 _a. المدارس النحوية
_cشوقي ضيف
250 _aط.2
260 _aالقاهرة
_bدار المعارف بمصر
_c1972
300 _a375 ص. ؛
_c23 سم.
650 _aاللغة العربية
_xالنحو
942 _cBK
999 _c15472
_d15472